Santa Bernardita (Record no. 118726)

MARC details
000 -LEADER
campo de control de longitud fija 00755nam a2200229 i 4500
001 - NÚMERO DE CONTROL
campo de control 118726
003 - IDENTIFICADOR DE NÚMERO DE CONTROL
campo de control ES-MaACL
005 - FECHA Y HORA DE LA ÚLTIMA TRANSACCIÓN
campo de control 20230906191148.0
007 - CAMPO FIJO DE DESCRIPCIÓN FÍSICA--INFORMACIÓN GENERAL
campo de control de longitud fija t|
008 - DATOS DE LONGITUD FIJA--INFORMACIÓN GENERAL
campo de control de longitud fija 070214s1953 sp |||| |bspa d
080 ## - NÚMERO DE LA CLASIFICACIÓN DECIMAL UNIVERSAL
Número de la Clasificación Decimal Universal 929 Bernadette Soubirous, Santa
100 1# - ENTRADA PRINCIPAL--NOMBRE DE PERSONA
Nombre de persona Petitot, R.O.H.
9 (RLIN) 91522
245 10 - MENCIÓN DEL TÍTULO
Título Santa Bernardita
Resto del título : historia exacta de su vida interior y religiosa /
Mención de responsabilidad, etc. R.O.H. Petitot ; traducción de R.P. Victoriano Mª de Larrainzar.
260 ## - PUBLICACIÓN, DISTRIBUCIÓN, ETC.
Lugar de publicación, distribución, etc. Bilbao :
Nombre del editor, distribuidor, etc. Descleé de Brouwer,
Fecha de publicación, distribución, etc. 1953.
300 ## - DESCRIPCIÓN FÍSICA
Extensión 221 p. ;
Dimensiones 19 cm.
490 1# - MENCIÓN DE SERIE
Mención de serie Spiritus
600 14 - PUNTO DE ACCESO ADICIONAL DE MATERIA--NOMBRE DE PERSONA
Nombre de persona Bernadette Soubirous
Títulos y otros términos asociados al nombre Santa.
9 (RLIN) 163489
700 1# - ENTRADA AGREGADA--NOMBRE PERSONAL
Nombre de persona Larrainzar, Victoriano María de.
9 (RLIN) 70299
830 0# - PUNTO DE ACCESO ADICIONAL DE SERIE-TÍTULO UNIFORME
Título uniforme Spiritus
9 (RLIN) 181888
852 ## - LOCALIZACIÓN
Ubicación ES-MaACL
Número de control de estantería C-6268
Holdings
Estatus retirado Estado de pérdida Estado de daño No para préstamo Biblioteca de origen Biblioteca actual Ubicación en estantería Fecha de adquisición Fuente de adquisición Total de préstamos Signatura topográfica completa Código de barras Visto por última vez Precio de reemplazo Tipo de ítem Koha
        Biblioteca del Ateneo de Madrid Biblioteca del Ateneo de Madrid Sala Palomar 17/01/2008     C-6268 1123770 23/02/2023 23/02/2023 Libro impreso